The secret Halloween costume / text: Sophie ... Read More
Available copies
- 1 of 1 copy available at LARL/NWRL Consortium. (Show)
- 1 of 1 copy available at Northwest Regional Library.
Current holds
0 current holds with 1 total copy.
Show Only Available Copies
| Location | Call Number / Copy Notes | Barcode | Shelving Location | Status | Due Date |
|---|---|---|---|---|---|
| Red Lake Falls Public Library | e VAI (Text) | 35500006520975 | Main | Available | - |
Record details
- ISBN: 9782898022456
- ISBN: 2898022454
- Physical Description: 1 volume (unpaged) : illustrations (colour) ; 22 ... Read More
- Publisher: Boisbriand, Québec : CrackBoom! Livres, [2021]
Content descriptions
| General Note: | Translation of: Le costume secret d'Halloween. |
| Summary, etc.: | "Every Halloween, it's the same thing! Charlotte ... Read More |
| Target Audience Note: | For children aged 3 and up. |
Search for related items by subject
| Genre: | Fiction. Juvenile works. Picture books. |
| LDR | 02419cam a22005298i 4500 | ||
|---|---|---|---|
| 001 | 379129 | ||
| 003 | LARL_NWRL_CONSORTIUM | ||
| 005 | 20211105194347.0 | ||
| 008 | 210219s2021 quca j 000 1 eng | ||
| 040 | . | ‡aNLC ‡beng ‡erda ‡cNLC ‡dMJ8 ‡dOCLCO ‡dOJ4 ‡dOCLCO ‡dOCLCF ‡dXYZ ‡dTCH ‡dNRG | |
| 015 | . | ‡a20210045647 ‡2can | |
| 020 | . | ‡a9782898022456 ‡q(hardcover) | |
| 020 | . | ‡a2898022454 ‡q(hardcover) | |
| 035 | . | ‡a(OCoLC)1238134917 | |
| 041 | 1 | . | ‡aeng ‡hfre |
| 042 | . | ‡alac | |
| 055 | 0. | ‡aPS8643.A3664 ‡bC6713 2021 | |
| 082 | 0 | . | ‡ajC843/.6 ‡223 |
| 084 | . | ‡acci1icc ‡2lacc | |
| 049 | . | ‡aNRGA | |
| 100 | 1 | . | ‡aVaillancourt, Sophie, ‡d1991- ‡eauthor. |
| 245 | 1 | 4. | ‡aThe secret Halloween costume / ‡ctext: Sophie Vaillancourt ; illustrations: Karina Dupuis ; translation: John Conn. |
| 264 | 1. | ‡aBoisbriand, Québec : ‡bCrackBoom! Livres, ‡c[2021] | |
| 300 | . | ‡a1 volume (unpaged) : ‡billustrations (colour) ; ‡c22 cm | |
| 336 | . | ‡atext ‡btxt ‡2rdacontent | |
| 336 | . | ‡astill image ‡bsti ‡2rdacontent | |
| 337 | . | ‡aunmediated ‡bn ‡2rdamedia | |
| 338 | . | ‡avolume ‡bnc ‡2rdacarrier | |
| 500 | . | ‡aTranslation of: Le costume secret d'Halloween. | |
| 520 | . | ‡a"Every Halloween, it's the same thing! Charlotte the little witch has to honor tradition and put on her scariest costume. But this year, Charlotte doesn't want to be scary. She wants to wear something that reflects who she is. To make that happen, she enlists the help of her best friends and of her beloved grandmother, a gifted seamstress. Will Charlotte find the perfect costume? Better yet, will she be able to start her own Halloween tradition?"-- ‡cProvided by publisher. | |
| 521 | . | ‡aFor children aged 3 and up. | |
| 650 | 0. | ‡aHalloween ‡vJuvenile fiction. ‡0(LARL_NWRL_CONSORTIUM)165543 | |
| 650 | 0. | ‡aCostume ‡vJuvenile fiction. | |
| 650 | 0. | ‡aWomen tailors ‡vJuvenile fiction. | |
| 650 | 7. | ‡aJUVENILE FICTION / Holidays & Celebrations / Halloween. ‡2bisacsh | |
| 650 | 7. | ‡aJUVENILE FICTION / Fantasy & Magic. ‡2bisacsh | |
| 650 | 7. | ‡aJUVENILE FICTION / Readers / Beginner. ‡2bisacsh | |
| 650 | 7. | ‡aCostume. ‡2fast ‡0(LARL_NWRL_CONSORTIUM)17864 | |
| 650 | 7. | ‡aHalloween. ‡2fast ‡0(LARL_NWRL_CONSORTIUM)21819 | |
| 655 | 7. | ‡aFiction. ‡2fast | |
| 655 | 7. | ‡aJuvenile works. ‡2fast | |
| 655 | 7. | ‡aPicture books. ‡2lcgft | |
| 700 | 1 | . | ‡aDupuis, Karina, ‡d1982- ‡eillustrator. |
| 700 | 1 | . | ‡aConn, John, ‡etranslator. |
| 905 | . | ‡ubacont | |
| 901 | . | ‡a379129 ‡b ‡c379129 ‡tbiblio ‡soclc | |

Add to basket
Permalink
Disable Highlighting